Countries Producing the Most Tobacco - Statistics

General Stats
  • This quiz has been taken 121 times
  • The average score is 11 of 20
Answer Stats
1000 tonnes country % Correct
285 United States
97%
676 Brazil
91%
2806 China
91%
761 India
90%
94 Argentina
80%
196 Indonesia
79%
116 Pakistan
77%
70 Turkey
67%
61 Thailand
66%
88 Bangladesh
57%
48 Italy
50%
56 Philippines
46%
67 Laos
42%
102 Tanzania
37%
172 Zimbabwe
32%
93 Mozambique
27%
31 Uganda
27%
125 Zambia
27%
85 Malawi
19%
83 North Korea
11%
No matching quizzes found
Score Distribution
Percent of People with Each Score
Percentile by Number Answered
Your Score History
You have not taken this quiz